=LDR 00000nam 2200000 4500 =001 INLIS000000000012057 =005 20130612103613 =008 ***********************************Ind** =035 ##$$0010-061300000012057 =041 ##$$a Ind =082 ##$$a 547.734 2 =090 ##$$a 547.734 2, Ris h =100 ##$$a Rismuwandar =245 ##$$a Hormon tanaman dan ternak, Rismuandar =260 ##$$a 1988 $b Jakarta =300 ##$$a 58 hlm., Ilus, 21 cm =650 ##$$a Hormon (tanaman ternak) =850 ##$$a NBPNMAT